[Event "Barcelona Sant Marti op 05th"]
[Site "Barcelona"]
[Date "2003.05.31"]
[Round "6.13"]
[White "Rubies, Ramon"]
[Black "Penalver Guardia, Josep"]
[Result "0-1"]
[WhiteElo "1700"]
[BlackElo "2000"]
[PlyCount "95"]
[EventDate "2003.04.26"]
[EventType "swiss"]
[EventRounds "9"]
[EventCountry "ESP"]
[SourceTitle "EXT 2004"]
[Source "ChessBase"]
[SourceDate "2003.11.25"]
[SourceVersion "1"]
[SourceVersionDate "2003.11.25"]
[SourceQuality "1"]

1. d4 Nf6 2. c4 d6 3. Nc3 g6 4. e4 Bg7 5. f3 0-0 6. Be3 c6 7. Qd2 e5 8. d5 cxd5 9. cxd5 b6 10. Bd3 Ba6 11. Nge2 Bxd3 12. Qxd3 Nbd7 13. 0-0 Nc5 14. Qd2 a5 15. b3 Qd7 16. Rfc1 Rfc8 17. Rab1 Rab8 18. b4 axb4 19. Rxb4 Rb7 20. Rcb1 Rcb8 21. Rb5 Ne8 22. R5b4 f5 23. exf5 gxf5 24. Rh4 Qf7 25. Bh6 Bf6 26. Bg5 Bg7 27. Bh6 b5 28. Bxg7 Qxg7 29. Rh3 Kh8 30. Ng3 b4 31. Nce2 f4 32. Nf5 Qg6 33. Qc2 Rf7 34. g4 fxg3 35. Nexg3 Ng7 36. Rh6 Qg5 37. h4 Qf4 38. Rxh7+ Kxh7 39. Ne7+ Nf5 40. Nexf5 Rxf5 41. Nxf5 Rg8+ 42. Kh1 Qxf3+ 43. Kh2 e4 44. Nd4 Qg3+ 45. Kh1 Rg4 46. Rb2 Qe1+ 47. Kh2 Qg1+ 48. Kh3 0-1